IX. sjazd Komunistickej strany Slovenska vo fotografii.

Uložené v:
Podrobná bibliografia
Médium: Kniha
Jazyk:Slovak
Vydané: Bratislava : Pravda, [1950]
Vydanie:1. vyd.
ISBN: (brož.)
Fyzický popis: [63] s.
Tagy: Pridať tag
Žiadne tagy, Buďte prvý kto otaguje tento záznam!

MARC

LEADER 00000nam a22000004a 4500
001 000463538
005 20170721173741.0
008 150411 1950 xo e slo d
020 |a (brož.)  |c Kčs 15,00 
040 |a SVKKK  |b slo  |c SVKKK  |e AACR2 
041 0 |a slo 
044 |a xo  |c SK 
245 1 0 |a IX. sjazd Komunistickej strany Slovenska vo fotografii. 
246 1 |a Deviaty sjazd Komunistickej strany Slovenska vo fotografii 
250 |a 1. vyd. 
260 |a Bratislava :  |b Pravda,  |c [1950]  |e (Martin,  |f Neografia) 
300 |a [63] s. 
910 |a svkkk 
998 |a BK 
090 |g SCKHL  |k Sklad Pribinova 1. posch.  |a IV.31820  |j 343377  |i 463538-10  |s Prezenčne 
090 |g SCKHL  |k Sklad Pribinova 1. posch.  |a IV.44  |j 3646  |i 463538-20  |s Prezenčne 
090 |g SCKHL  |k Sklad Pribinova 3. posch.  |a V.6470  |j 91301  |i 2720881774  |s Prezenčne